Normal view
MARC view
- Munir, Wazaait
Entry Personal Name
001 - CONTROL NUMBER
- control field: 134456
003 - CONTROL NUMBER IDENTIFIER
- control field: NUST
005 - DATE AND TIME OF LATEST TRANSACTION
- control field: 20260514102150.0
008 - FIXED-LENGTH DATA ELEMENTS
- fixed length control field: 260514|| aca||aabn | a|a d
040 ## - CATALOGING SOURCE
- Original cataloging agency: NUST
- Transcribing agency: NUST
100 ## - HEADING--PERSONAL NAME
- Personal name: Munir, Wazaait
670 ## - SOURCE DATA FOUND
- Source citation: Work cat.: (NUST): Munir, Wazaait, Dyadic Effects of Intergenerational Support on Emotional Well-being of Older Parents & their Adult Children/
